| 000 | 00977cam a2200313Ia 4500 | ||
|---|---|---|---|
| 001 | 232301800 | ||
| 003 | OCoLC | ||
| 005 | 20240715151952.0 | ||
| 008 | 080618s2008 oru b 001 0 eng d | ||
| 020 | _a1556353456 | ||
| 020 | _a9781556353451 | ||
| 035 | _a(OCoLC)232301800 | ||
| 040 |
_aSBI _cSBI _dBTCTA _dEXN |
||
| 049 | _aEXNW | ||
| 100 | 1 | _aLarkin, William J. | |
| 245 | 1 | 0 |
_aGreek is great gain : _ba method for exegesis and exposition / _cWilliam J. Larkin, foreword by Andres J. Köstenberger. |
| 260 |
_aEugene, OR : _bWipf and Stock, _cc2008. |
||
| 300 |
_a352 p : _bill. ; _c23 cm. |
||
| 336 | _atext | ||
| 337 | _aunmediated | ||
| 338 | _avolume | ||
| 500 | _aIncludes indexes. | ||
| 504 | _aBibliography: p. 337-352. | ||
| 610 | 2 | 0 |
_aColumbia International University _xFaculty. |
| 650 | 0 |
_aGreek language, Biblical _xGrammar. |
|
| 650 | 0 |
_aGreek language, Biblical _xSyntax. |
|
| 650 | 0 |
_aGreek language, Biblical _xTranslating. |
|
| 942 |
_2lcc _cBK |
||
| 999 |
_c53105 _d53105 |
||